| 000 -LEADER |
| fixed length control field |
00494nam a22001577a 4500 |
| 008 - FIXED-LENGTH DATA ELEMENTS--GENERAL INFORMATION |
| fixed length control field |
210608b ||||| |||| 00| 0 eng d |
| 082 00 - DEWEY DECIMAL CLASSIFICATION NUMBER |
| Classification number |
621.46 |
| Item number |
A557 |
| 100 ## - MAIN ENTRY--PERSONAL NAME |
| 9 (RLIN) |
5024 |
| Personal name |
Andreas, John C. |
| 245 10 - TITLE STATEMENT |
| Title |
Energy efficient electric motors :Selection and application / |
| 250 ## - EDITION STATEMENT |
| Edition statement |
2nd ed. |
| 260 ## - PUBLICATION, DISTRIBUTION, ETC. (IMPRINT) |
| Place of publication, distribution, etc |
New York: |
| Name of publisher, distributor, etc |
Marcel Dekker, |
| Date of publication, distribution, etc |
c1992. |
| 300 ## - PHYSICAL DESCRIPTION |
| Extent |
x, 272 p. |
| 490 0# - SERIES STATEMENT |
| Series statement |
Electrical engineering and electronics |
| 650 #0 - SUBJECT ADDED ENTRY--TOPICAL TERM |
| Topical term or geographic name as entry element |
Electrical Engineering |
| 942 ## - ADDED ENTRY ELEMENTS (KOHA) |
| Item type |
Books |